| 000 | 00684nam a22001577a 4500 | ||
|---|---|---|---|
| 008 | 110907s1994 ua|||||r|||| 00| 0 ara d | ||
| 020 | _a9770397312 | ||
| 082 |
_222 _a189.09 _bع ل ي |
||
| 100 |
_927048 _aعلي ، عصام الدين محمد |
||
| 245 |
_aتاريخ الفلسفة الإسلامية / _cعصام الدين محمد علي |
||
| 260 |
_aالإسكندرية : _bمنشأة المعارف ، |
||
| 300 |
_a771 ص ؛ _c24 سم |
||
| 650 |
_926519 _aالفلسفة الإسلامية _xتاريخ |
||
| 942 |
_2ddc _cBB |
||
| 999 |
_c15971 _d15971 |
||